• 首页
  • 本馆介绍
  • 公告通知
  • 最新文献
  • 馆藏检索
  • 电子资源
  • 读者导购
  • 参考咨询
  • 我的图书馆
  • 登录
  • 详细信息显示
  • 放入我的书架
  • 预约/预借图书
  • 作者相关作品
  • 分类相关作品
  • 丛书相关作品
  • 出版社相关作品

书目信息

  • 表格格式
  • 工作单格式
  • 卡片格式
题名:
谈判沟通技巧
    
 
作者: 李昂 著
分册:  
出版信息: 长春   北方妇女儿童出版社  2019
页数: 183页
开本: 20cm
丛书名:
单 册:
中图分类: C912.35-49 , C912.35
科图分类:
主题词: 谈判学--通俗读物
电子资源:
ISBN: 978-7-5585-3240-5
000 00710nam0 2200229 450
001 2358947952
005 20231104162236.40
010    @a978-7-5585-3240-5@dCNY39.80
100    @a20190921d2019 em y0chiy50 ea
101 0  @achi
102    @aCN@b220000
105    @ay z 000yy
200 1  @a谈判沟通技巧@Atan pan gou tong ji qiao@f李昂著
210    @a长春@c北方妇女儿童出版社@d2019
215    @a183页@d20cm
330    @a本书提取了众多著名成功学大师的成功理论精髓,并在介绍方法与技巧时,引述了各领域的名人事例,作为典型加以分析。
606 0  @a谈判学@j通俗读物
690    @aC912.35-49@v5
690    @aC912.35@v4
701  0 @a李昂@Ali ang@4著
801  0 @aCN@b91MARC@c20190921
905    @aZUCC@dC912.35@e17
    
    谈判沟通技巧/李昂著.-长春:北方妇女儿童出版社,2019
    183页;20cm
    
    
    ISBN 978-7-5585-3240-5:CNY39.80
    本书提取了众多著名成功学大师的成功理论精髓,并在介绍方法与技巧时,引述了各领域的名人事例,作为典型加以分析。
●
相关链接 在五车中查询图书 在当当中查询图书 在豆瓣中查询图书


正题名:谈判沟通技巧     索取号:C912.35/17         预约/预借

序号 登录号 条形码 馆藏地/架位号 状态 备注
1 2001038541   2001038541   悦读、辽宁混合/悦读天下/辽批151/ [索取号:C912.35/17] 在馆    
2 2001038542   2001038542   悦读、辽宁混合/悦读天下/辽批151/ [索取号:C912.35/17] 在馆    
3 2001038543   2001038543   悦读、辽宁混合/悦读天下/辽批151/ [索取号:C912.35/17] 在馆    
4 2001038544   2001038544   悦读、辽宁混合/悦读天下/辽批151/ [索取号:C912.35/17] 在馆    
5 2001038545   2001038545   悦读、辽宁混合/悦读天下/辽批151/ [索取号:C912.35/17] 在馆    
6 2001038546   2001038546   悦读、辽宁混合/悦读天下/辽批151/ [索取号:C912.35/17] 在馆    
山东省滨州职业学院图书馆 欢迎您!
大连网信软件有限公司© 版权所有